International relations (Record no. 492)

MARC details
000 -LEADER
fixed length control field 00482cam a2200193ua 4500
008 - FIXED-LENGTH DATA ELEMENTS--GENERAL INFORMATION
fixed length control field 110407n ii |||gr||||Z||||||eng
040 ## - CATALOGING SOURCE
Transcribing agency MAIN
082 ## - DEWEY DECIMAL CLASSIFICATION NUMBER
Classification number 327
245 1# - TITLE STATEMENT
Title International relations
Statement of responsibility, etc. by Rama S. Melkote
250 ## - EDITION STATEMENT
Edition statement 1st.
260 ## - PUBLICATION, DISTRIBUTION, ETC.
Place of publication, distribution, etc. [s.l]:
Name of publisher, distributor, etc. Sterling,982.
300 ## - PHYSICAL DESCRIPTION
Extent xi, 404p:
Dimensions 25cm.
700 ## - ADDED ENTRY--PERSONAL NAME
Personal name Melkote, Rama S.,
Relator term
700 ## - ADDED ENTRY--PERSONAL NAME
Personal name Rao, A. Narasimha.
942 ## - ADDED ENTRY ELEMENTS (KOHA)
Koha item type Books
653 ## - INDEX TERM--UNCONTROLLED
Uncontrolled term Political science
653 ## - INDEX TERM--UNCONTROLLED
Uncontrolled term International relations
Holdings
Withdrawn status Lost status Damaged status Not for loan Home library Current library Shelving location Date acquired Total Checkouts Full call number Barcode Date last seen Copy number Price effective from Koha item type
        Central Library, Naharkatiya College Central Library, Naharkatiya College   19/09/2020   327 | MEL 705 19/09/2020 1 19/09/2020 Books

Naharkatiya College © 2020. All rights reserved.

Powered By